[Event "Havana Gilberto Garcia Memorial-A"]
[Site "Havana"]
[Date "2024.03.02"]
[Round "5"]
[White "Almaguel Mendez, Adrian Jesus"]
[Black "Collazo Perez, Jorge Luis"]
[Result "1-0"]
[WhiteElo "1970"]
[BlackElo "1766"]
[PlyCount "115"]
[EventDate "2024.02.24"]
[EventType "tourn"]
[EventRounds "9"]
[EventCountry "CUB"]
[SourceTitle "CB13_2024"]
[SourceDate "2024.03.27"]
[SourceVersion "1"]
[SourceVersionDate "2024.03.27"]
[SourceQuality "1"]

1. e4 e5 2. Nf3 Nc6 3. Bb5 Bc5 4. 0-0 d6 5. c3 Bd7 6. d4 Bb6 7. Bg5 f6 8. Be3 Nge7 9. Bc4 Bg4 10. Nbd2 Qd7 11. h3 Bh5 12. Nxe5 dxe5 13. Qxh5+ g6 14. Qe2 0-0-0 15. Nf3 Ng8 16. d5 Nb8 17. Bxb6 axb6 18. a4 g5 19. a5 bxa5 20. Rxa5 g4 21. hxg4 Qxg4 22. Ra8 Ne7 23. Nxe5 Qxe2 24. Bxe2 fxe5 25. Bg4+ Rd7 26. Rxb8+ Kxb8 27. Bxd7 Rf8 28. g3 Ng6 29. Bf5 Rf7 30. Bxg6 hxg6 31. f4 exf4 32. gxf4 Kc8 33. Kg2 b5 34. Kg3 Kd7 35. Kg4 Kd6 36. Kg5 Re7 37. Re1 Rf7 38. Rd1 Kc5 39. Rd4 Rf8 40. b4+ Kd6 41. e5+ Ke7 42. Kxg6 Rg8+ 43. Kf5 Rg3 44. d6+ cxd6 45. Rxd6 Rxc3 46. Rb6 Rc4 47. Rxb5 Kd7 48. Rd5+ Ke7 49. b5 Rb4 50. e6 Rb1 51. Rd7+ Ke8 52. Rb7 Rh1 53. Kf6 Rh6+ 54. Ke5 Rh1 55. f5 Kd8 56. b6 Rh5 57. Rd7+ Ke8 58. b7 1-0

[Event "Maria Teresa Mora Memorial IM3"]
[Site "Havana"]
[Date "2010.03.10"]
[Round "6"]
[White "Roca Rojas, Ana Flavia"]
[Black "Collazo Perez, Jorge Luis"]
[Result "0-1"]
[WhiteElo "1983"]
[BlackElo "2024"]
[PlyCount "68"]
[EventDate "2010.03.05"]
[EventType "tourn"]
[EventRounds "11"]
[EventCountry "CUB"]
[SourceTitle "EXT 2019"]
[Source "ChessBase"]
[SourceDate "2018.10.10"]
[SourceVersion "1"]
[SourceVersionDate "2018.10.10"]
[SourceQuality "1"]

1. e4 c5 2. Nf3 Nc6 3. d4 cxd4 4. Nxd4 Nf6 5. Nc3 d6 6. Be2 a6 7. Be3 e6 8. 0-0 Qc7 9. Nb3 Ne5 10. a4 Nc4 11. Bc1 b6 12. Qd4 Ne5 13. Be3 Bb7 14. f4 Ned7 15. g4 h6 16. g5 hxg5 17. fxg5 d5 18. e5 Nh5 19. Bxh5 Rxh5 20. g6 fxg6 21. Qg4 0-0-0 22. Qxg6 Rh3 23. Bd4 Rh6 24. Qg3 Bc5 25. Rad1 Rdh8 26. Rf2 Rh4 27. Bxc5 bxc5 28. Rdf1 Nf6 29. Rf4 Rh3 30. Qf2 d4 31. exf6 Qc6 32. Ne4 gxf6 33. Nbxc5 Rg8+ 34. Ng3 Qh1# 0-1